1855 1250 1389 1003 1930 1792 1176 1187 1951 1940 1588 1929 1251 1190 1691 1280 1546 1228 1423 1130 1375 1880 1404 1655 1260 1536 1782 1864 1863 1479 1744 1099 1290 1225 1560 1065 1277 1488 1013 1035 1736 1122 1035 1552 1040 1453 1791 1074 1881 1794 1655 1376 1806 1614 1005 1092 1220 1260 1201 1155 1843 1025 1161 1714 1400 1482 1367 1988 1722 1991 1250 1470 1298 1728 1543 1741 1491 1019 1866 1694 1240 1321 1034 1779 1910 1485 1854 1631 1686 1651 1241 1614 1157 1385 1366 1289 1255 1213 1918 BCNSPRNW ULIB Ver.6.0+V

เปลี่ยนเป็นภาษาไทย

Change to English
 แสดงรายละเอียดบรรณานุกรม
  กลับหน้าหลัก

Brief Record : Get Marc (ISO 2709) : E-mail record : QR code < ปิดหน้าต่าง
LEADER : 00000nam 2200000uu 4500
001    13399111393
003     ULIB
008    110623s||||||||th 000 0 tha d
020    9786167025261
090    นว^bท473อ 2553
100 0  ทิพย์อักษร
245 10 อารัมบรา ปราการเร้นรัก /^cโดย ทิพย์อักษร
250    พิมพ์ครั้งที่ 1
260    กรุงเทพฯ :^bJe t aime,^c2553
300     191 หน้า
945    ^p99^l0^i030167
995     เกษร
999 ^a ใช้งานได้ทุกระบบ
รายการนี้ยังไม่มีแท็ก
คุณยังไม่ได้ล็อกอิน คุณสามารถมีกิจกรรมร่วมกับเว็บไซต์ได้ แต่ต้องล็อกอินก่อน ::
  ล็อกอิน

รายการสื่อสารสนเทศ

ลำดับที่ ประเภท เลขเรียก/บาร์โค้ด สถานที่ สถานะ
1. นวนิยาย
นวนิยาย
นว ท473อ 2553  
  Barcode: 030167
ห้องสมุดวิทยาเขตสวรรค์ประชารักษ์
►นวนิยาย
บนชั้น
  ขอยืม

BibComment


ยังไม่เคยถูกคอมเมนท์

คอมเมนท์ทรัพยากรรายการนี้
  คอมเมนท์: อารัมบรา ปราการเร..


 Copyright 2026. Bcnsprnw @Library